IMDb Top 250 Movies - Statistics

General Stats
  • This quiz has been taken 27,270 times
    1,670 since last reset
  • The average score is 64 of 250
Answer Stats
# Year Movie % Correct
2 1972 The Godfather
88%
107 1931 M
87%
1 1994 The Shawshank Redemption
81%
3 2008 The Dark Knight
79%
4 1974 The Godfather Part II
76%
29 1977 Star Wars: Episode IV - A New Hope
72%
8 1994 Pulp Fiction
71%
11 1994 Forrest Gump
70%
14 2010 Inception
69%
19 2014 Interstellar
69%
6 2003 The Lord of the Rings: The Return of the King
69%
9 2001 The Lord of the Rings: The Fellowship of the Ring
68%
20 1995 Se7en
64%
13 1999 Fight Club
62%
7 1993 Schindler's List
60%
74 1995 Toy Story
60%
112 2023 Oppenheimer
59%
17 1990 Goodfellas
58%
67 1980 The Shining
57%
5 1957 12 Angry Men
56%
34 2019 Parasite
55%
24 1998 Saving Private Ryan
55%
77 2019 Avengers: Endgame
54%
45 1942 Casablanca
54%
36 1994 The Lion King
54%
35 1960 Psycho
53%
54 2012 Django Unchained
51%
33 2000 Gladiator
51%
10 1966 The Good, the Bad and the Ugly
50%
16 1999 The Matrix
50%
70 2009 Inglourious Basterds
49%
71 2012 The Dark Knight Rises
49%
50 1979 Alien
48%
141 1993 Jurassic Park
48%
59 1981 Raiders of the Lost Ark
48%
23 1991 The Silence of the Lambs
48%
220 1984 The Terminator
48%
97 1968 2001: A Space Odyssey
47%
61 2018 Avengers: Infinity War
47%
26 1999 The Green Mile
47%
202 1975 Jaws
46%
18 1975 One Flew Over the Cuckoo's Nest
45%
15 1980 Star Wars: Episode V - The Empire Strikes Back
45%
127 1976 Taxi Driver
45%
118 1989 Indiana Jones and the Last Crusade
44%
30 1985 Back to the Future
43%
130 2005 Batman Begins
43%
151 2003 Kill Bill: Vol. 1
43%
57 2000 Memento
43%
37 2006 The Departed
42%
129 2013 The Wolf of Wall Street
42%
85 2019 Joker
41%
163 1939 Gone With the Wind
40%
98 1992 Reservoir Dogs
40%
92 2010 Toy Story 3
40%
56 1979 Apocalypse Now
39%
214 1976 Rocky
39%
93 1983 Star Wars: Episode VI - Return of the Jedi
39%
142 1995 Casino
38%
21 1946 It's a Wonderful Life
38%
31 2001 Spirited Away
38%
113 1971 A Clockwork Orange
37%
105 1941 Citizen Kane
37%
22 1954 Seven Samurai
37%
110 2009 Up
37%
79 1997 Good Will Hunting
36%
138 2010 Shutter Island
36%
230 1939 The Wizard of Oz
36%
78 1999 American Beauty
35%
58 2008 WALL·E
35%
155 2003 Finding Nemo
34%
102 1983 Scarface
34%
42 2006 The Prestige
34%
146 2007 No Country for Old Men
33%
28 1991 Terminator 2: Judgment Day
33%
32 2002 The Pianist
33%
69 1986 Aliens
32%
51 1954 Rear Window
32%
46 1995 The Usual Suspects
31%
109 1958 Vertigo
31%
188 1982 Blade Runner
30%
39 2014 Whiplash
30%
174 2002 Catch Me If You Can
29%
116 1988 Die Hard
29%
106 1995 Heat
29%
12 2002 The Lord of the Rings: The Two Towers
29%
80 1995 Braveheart
28%
72 2017 Coco
28%
108 1987 Full Metal Jacket
28%
27 1997 Life is Beautiful
28%
88 1952 Singin' in the Rain
28%
235 1965 The Sound of Music
28%
100 1962 Lawrence of Arabia
27%
171 1980 Raging Bull
27%
64 2018 Spider-Man: Into the Spider-Verse
27%
134 1998 The Truman Show
27%
52 2024 Dune: Part Two
26%
175 1996 Fargo
26%
168 2015 Inside Out
26%
140 2007 There Will Be Blood
26%
40 1998 American History X
25%
192 1989 Dead Poets Society
25%
95 2004 Eternal Sunshine of the Spotless Mind
25%
75 2003 Oldboy
25%
229 1973 The Exorcist
25%
184 1959 Ben-Hur
24%
182 2015 Mad Max: Fury Road
24%
87 1984 Once Upon a Time in America
24%
41 2023 Spider-Man: Across the Spider-Verse
24%
231 2004 The Incredibles
24%
143 1999 The Sixth Sense
24%
186 2013 12 Years a Slave
23%
25 2002 City of God
23%
222 1986 Platoon
23%
198 2007 Ratatouille
23%
190 2014 The Grand Budapest Hotel
23%
122 2019 1917
22%
76 1964 Dr. Strangelove or: How I Learned to Stop Worrying and Love the Bomb
22%
44 1994 Léon: The Professional
22%
53 1968 Once Upon a Time in the West
22%
91 2000 Requiem for a Dream
22%
68 1940 The Great Dictator
22%
159 2004 Howl's Moving Castle
21%
180 2004 Million Dollar Baby
21%
49 1936 Modern Times
21%
196 2001 Monsters, Inc.
21%
82 1997 Princess Mononoke
21%
73 1984 Amadeus
20%
164 1974 Chinatown
20%
193 2014 Gone Girl
20%
38 1988 Grave of the Fireflies
20%
132 2018 Green Book
20%
154 2013 Prisoners
20%
150 2001 A Beautiful Mind
19%
55 1931 City Lights
19%
223 2003 Pirates of the Caribbean: The Curse of the Black Pearl
19%
133 1959 Some Like It Hot
19%
99 1960 The Apartment
19%
216 1998 The Big Lebowski
19%
203 1978 The Deer Hunter
19%
148 1982 The Thing
19%
114 1962 To Kill a Mockingbird
19%
43 1962 Harakiri
18%
145 2022 Top Gun: Maverick
18%
120 1927 Metropolis
17%
104 1959 North By Northwest
17%
144 1985 Ran
17%
62 1950 Sunset Boulevard
17%
172 1996 Trainspotting
17%
48 1988 Cinema Paradiso
16%
47 2011 The Intouchables
16%
111 2001 Amélie
15%
187 1975 Barry Lyndon
15%
213 2017 Logan
15%
121 2000 Snatch
15%
173 1957 The Bridge on the River Kwai
15%
149 1992 Unforgiven
15%
131 1965 For a Few Dollars More
14%
178 2008 Gran Torino
14%
245 1993 Groundhog Day
14%
207 1954 On the Waterfront
14%
65 1957 Paths of Glory
14%
232 2013 Rush
14%
160 1980 The Elephant Man
14%
117 1973 The Sting
14%
167 2005 V for Vendetta
14%
189 1995 Before Sunrise
13%
90 1985 Come and See
13%
81 1981 Das Boot
13%
224 1995 La haine
13%
147 2006 Pan's Labyrinth
13%
179 2021 Spider-Man: No Way Home
13%
234 1986 Stand By Me
13%
94 2012 The Hunt
13%
83 2016 Your Name.
13%
201 2010 How to Train Your Dragon
12%
101 2010 Incendies
12%
123 1997 L.A. Confidential
12%
194 2003 Memories of Murder
12%
157 1975 Monty Python and the Holy Grail
12%
181 1988 My Neighbor Totoro
12%
218 2015 Spotlight
12%
156 1963 The Great Escape
12%
139 1950 All About Eve
11%
226 2004 Before Sunset
11%
161 1954 Dial M for Murder
11%
191 2016 Hacksaw Ridge
11%
96 1952 Ikiru
11%
162 1950 Rashomon
11%
248 1940 Rebecca
11%
247 2011 The Help
11%
217 1957 The Seventh Seal
11%
86 2009 3 Idiots
10%
208 2019 Ford v Ferrari
10%
128 2020 Hamilton
10%
233 1976 Network
10%
136 1921 The Kid
10%
60 2006 The Lives of Others
10%
153 1961 Yojimbo
10%
124 1948 Bicycle Thieves
9%
219 2015 Room
9%
137 2020 The Father
9%
241 1999 The Iron Giant
9%
103 1944 Double Indemnity
8%
84 1963 High and Low
8%
210 1939 Mr. Smith Goes to Washington
8%
197 1925 The Gold Rush
8%
244 1940 The Grapes of Wrath
8%
212 1949 The Third Man
8%
66 1957 Witness for the Prosecution
8%
89 2018 Capernaum
7%
250 1967 Cool Hand Luke
7%
125 2004 Downfall
7%
221 2004 Hotel Rwanda
7%
166 1998 Lock, Stock and Two Smoking Barrels
7%
227 1946 The Best Years of Our Lives
7%
205 1926 The General
7%
238 2016 The Handmaiden
7%
215 1953 Tokyo Story
7%
176 2011 Warrior
7%
211 1957 Wild Strawberries
7%
115 2011 A Separation
6%
177 2011 Harry Potter and the Deathly Hallows: Part 2
6%
195 1993 In the Name of the Father
6%
243 2007 Into the Wild
6%
158 2024 The Wild Robot
6%
170 2017 Three Billboards Outside Ebbing, Missouri
6%
126 2016 Dangal
5%
236 2009 Hachi: A Dog's Tale
5%
169 2019 Klaus
5%
204 1924 Sherlock Jr.
5%
242 1966 The Battle of Algiers
5%
228 1928 The Passion of Joan of Arc
5%
152 1948 The Treasure of the Sierra Madre
5%
63 2023 12th Fail
4%
246 2000 Amores Perros
4%
249 2016 A Silent Voice: The Movie
4%
185 1997 Children of Heaven
4%
135 1961 Judgment at Nuremberg
4%
119 2007 Like Stars on Earth
4%
206 2009 Mary and Max
4%
239 1942 To Be or Not to Be
4%
183 2021 Demon Slayer: Kimetsu no Yaiba - Tsuzumi Mansion Arc
3%
237 2005 My Father and My Son
3%
165 2009 The Secret in Their Eyes
3%
209 1953 The Wages of Fear
3%
199 2014 Wild Tales
3%
225 2021 Jai Bhim
2%
200 2024 Maharaja
2%
240 1956 A Man Escaped
1%
No matching quizzes found
Score Distribution
Percent of People with Each Score
Percentile by Number Answered
Your Score History
You have not taken this quiz since the last reset